Магнитная кампания 1914 г. физической лаборатории Томского Технологического Института: аутореферат; Известия Томского Технологического Института [Известия ТТИ]; Т. 43
| Parent link: | Известия Томского Технологического Института [Известия ТТИ]/ Томский технологический институт (ТТИ).— , 1903-1925 Т. 43.— 1923 |
|---|---|
| 1. autor: | |
| Streszczenie: | Заглавие с титульного листа Электронная версия печатной публикации |
| Język: | rosyjski |
| Wydane: |
1923
|
| Hasła przedmiotowe: | |
| Dostęp online: | Черно-белая версия для предварительного просмотра Цветная версия без потери качества |
| Format: | MixedMaterials Elektroniczne Rozdział |
| KOHA link: | https://koha.lib.tpu.ru/cgi-bin/koha/opac-detail.pl?biblionumber=181331 |
MARC
| LEADER | 00000nla2a2200000 4500 | ||
|---|---|---|---|
| 001 | 181331 | ||
| 005 | 20231031171040.0 | ||
| 035 | |a (RuTPU)RU\TPU\book\196566 | ||
| 035 | |a RU\TPU\book\196565 | ||
| 090 | |a 181331 | ||
| 100 | |a 20100604d1923 k y0rusy50 ca | ||
| 101 | 0 | |a rus | |
| 102 | |a RU | ||
| 135 | |a drnn ---uucaa | ||
| 181 | 0 | |a i | |
| 182 | 0 | |a b | |
| 200 | 1 | |a Магнитная кампания 1914 г. физической лаборатории Томского Технологического Института |b Электронный ресурс |e аутореферат |f Б. П. Вейнберг | |
| 203 | |a Текст |c электронный | ||
| 215 | |a 2 файла (448 Кб, 8.5 Мб) | ||
| 230 | |a Электронные текстовые данные (2 файла : 448 Кб, 8.5 Мб) | ||
| 300 | |a Заглавие с титульного листа | ||
| 300 | |a Электронная версия печатной публикации | ||
| 337 | |a Adobe Reader | ||
| 461 | 1 | |0 (RuTPU)RU\TPU\book\165999 |t Известия Томского Технологического Института [Известия ТТИ] |f Томский технологический институт (ТТИ) |d 1903-1925 | |
| 463 | 1 | |0 (RuTPU)RU\TPU\book\196551 |t Т. 43 |d 1923 |p 118 с. | |
| 610 | 1 | |a электронный ресурс | |
| 610 | 1 | |a труды учёных ТПУ | |
| 700 | 1 | |a Вейнберг |b Б. П. |c российский ученый |c физик, геофизик |c профессор ТТИ (1909-1924) |f 1871-1942 |g Борис Петрович |2 stltpush |3 (RuTPU)RU\TPU\pers\5705 | |
| 801 | 1 | |a RU |b 63413507 |c 20090320 |g PSBO | |
| 801 | 2 | |a RU |b 63413507 |c 20110421 |g PSBO | |
| 856 | 4 | |u http://www.lib.tpu.ru/fulltext/v/Bulletin_TPU/1923/v43/a15_bw.pdf |z Черно-белая версия для предварительного просмотра | |
| 856 | 4 | |u http://www.lib.tpu.ru/fulltext/v/Bulletin_TPU/1923/v43/a15_full.pdf |z Цветная версия без потери качества | |
| 942 | |c CF | ||